| 000 | 00334nam a22001337a 4500 | ||
|---|---|---|---|
| 003 | OSt | ||
| 005 | 20220404114756.0 | ||
| 008 | 220404b |||||||| |||| 00| 0 eng d | ||
| 040 | _cHU | ||
| 082 | _a631.5 AGR 1991 | ||
| 245 | _aAGRICULTURE AND THE ENVARONMENTAL | ||
| 260 |
_aWSHINTON DC _bU.S GOVERNMENT _c1991 |
||
| 942 |
_2ddc _cBOOKS _n0 |
||
| 999 |
_c34246 _d34246 |
||